LDR 00825naa#a2200169#i#450# 001 EN\\bibl\118789 005 20260517010119.7 011 ## _a1994-4683 100 ## _a20230428b2023####ek#y0engy0150####ca 102 ## _aRU 200 1# _aEXPRESSION OF DESTRUCTIVE BEHAVIOR IN ADOLESCENTS OF DIFFERENT AGE GROUPS _eJournal article 210 1# _aMoscow _cNational State University of Physical Education, Sports and Health named after P.F. Lesgaft _d2023 215 ## _a4 с. 608 ## _aJournal article _2local 675 ## _aОсобенности психики. Сознание. Психическое развитие человека. Дифференциальная психология. Генетическая психология. Психология развития. 159.922 _z 700 #1 _aKuznetsova _gM N 856 4# _auchzapiski.lesgaft.spb.ru _u